[Event "Catalunya-chT Gp1"]
[Site "Barcelona"]
[Date "2023.03.04"]
[Round "7.9"]
[White "Porta Tovar, Oriol"]
[Black "Ano Pla, Gerard"]
[Result "1-0"]
[WhiteElo "2015"]
[BlackElo "2143"]
[PlyCount "88"]
[EventDate "2023.01.21"]
[EventType "team-tourn"]
[EventRounds "7"]
[EventCountry "ESP"]
[SourceTitle "CBM 213 Extra"]
[Source "ChessBase"]
[SourceDate "2023.05.31"]
[SourceVersion "1"]
[SourceVersionDate "2023.05.31"]
[SourceQuality "1"]
[WhiteTeam "Ateneu Colon"]
[BlackTeam "Valls"]
[WhiteTeamCountry "ESP"]
[BlackTeamCountry "ESP"]

1. e4 c5 2. Nc3 Nc6 3. g3 e5 4. Bg2 g6 5. d3 Bg7 6. Nh3 Nge7 7. f4 d6 8. 0-0 h5 9. Ng5 Bg4 10. Bf3 Bxf3 11. Qxf3 Nd4 12. Qf2 f6 13. fxe5 dxe5 14. Be3 0-0 15. Nh3 Qd7 16. Qg2 Rac8 17. Rf2 b5 18. Raf1 b4 19. Nd1 a5 20. Kh1 a4 21. Ng1 b3 22. axb3 axb3 23. c3 Ne6 24. Rd2 f5 25. Nh3 fxe4 26. dxe4 Qc6 27. Rxf8+ Rxf8 28. Ng5 Nxg5 29. Bxg5 Bf6 30. Bh6 Ra8 31. g4 Ra4 32. Nf2 Ra1+ 33. Nd1 hxg4 34. Qxg4 Kh7 35. Bf8 Nf5 36. Kg1 Bg7 37. Rd8 Nh6 38. Qd7 Qf6 39. Bxg7 Qxg7 40. Qe6 Ra7 41. Ne3 Re7 42. Qh3 Ra7 43. Ng4 g5 44. Nxh6 Kg6 1-0

[Event "Catalunya-chT Gp2"]
[Site "Barcelona"]
[Date "2022.03.05"]
[Round "7.9"]
[White "Porta Tovar, Oriol"]
[Black "Salinas Tomas, Daniel"]
[Result "0-1"]
[WhiteElo "2026"]
[BlackElo "2198"]
[PlyCount "61"]
[EventDate "2022.01.22"]
[EventType "team-tourn"]
[EventRounds "9"]
[EventCountry "ESP"]
[SourceTitle "CBM 208 Extra"]
[Source "ChessBase"]
[SourceDate "2022.07.31"]
[SourceVersion "1"]
[SourceVersionDate "2022.07.31"]
[SourceQuality "1"]
[WhiteTeam "Colon Ateneu"]
[BlackTeam "Colon Sabadell"]
[WhiteTeamCountry "ESP"]
[BlackTeamCountry "ESP"]

1. e4 c5 2. Nc3 Nc6 3. g3 e6 4. Bg2 Nf6 5. d3 d5 6. exd5 exd5 7. Nge2 Be7 8. 0-0 0-0 9. Bg5 d4 10. Bxf6 Bxf6 11. Ne4 Be7 12. Nf4 f5 13. Nd2 Bg5 14. Nh3 Bf6 15. Re1 Re8 16. Bd5+ Kh8 17. Qh5 g6 18. Qf3 Ne5 19. Qg2 Bd7 20. Bxb7 Rb8 21. Re2 Rxb7 22. Qxb7 Bc6 23. Qa6 Qd5 24. Ne4 fxe4 25. Nf4 Qd7 26. dxe4 Bg7 27. Qa3 g5 28. Ng2 Qg4 29. Qa6 Nf3+ 30. Kf1 Nxh2+ 31. Ke1 0-1

[Event "Foment Martinenc op-A 21st"]
[Site "Barcelona"]
[Date "2019.05.04"]
[Round "2"]
[White "Porta Tovar, Oriol"]
[Black "Perez Garcia, Adria"]
[Result "0-1"]
[WhiteElo "2010"]
[BlackElo "2219"]
[PlyCount "86"]
[EventDate "2019.04.27"]
[EventType "swiss"]
[EventRounds "9"]
[EventCountry "ESP"]
[SourceTitle "EXT 2020"]
[Source "ChessBase"]
[SourceDate "2019.10.17"]
[SourceVersion "1"]
[SourceVersionDate "2019.10.17"]
[SourceQuality "1"]

1. e4 c6 2. d4 d5 3. e5 Bf5 4. Nf3 e6 5. Be2 Nd7 6. 0-0 h6 7. Nbd2 Ne7 8. Nb3 Bh7 9. a4 Nc8 10. a5 a6 11. Be3 Na7 12. Nfd2 Be7 13. c4 dxc4 14. Nxc4 Nb5 15. Bd3 Bxd3 16. Qxd3 Nc5 17. Qd1 Nxb3 18. Qxb3 Qd5 19. Qc2 Nxd4 20. Bxd4 Qxd4 21. Rfd1 Qf4 22. Ra4 Qf5 23. Qc3 0-0 24. Ne3 Rad8 25. Rad4 Rxd4 26. Qxd4 Qh5 27. g4 Qh4 28. Qb6 Bg5 29. Rd4 Bxe3 30. fxe3 Qe1+ 31. Kg2 Qe2+ 32. Kg1 Qxe3+ 33. Kg2 Qe2+ 34. Kg1 Qxe5 35. Rd7 Qe1+ 36. Kg2 Qe4+ 37. Kf2 Qf4+ 38. Ke1 Qxh2 39. Qxb7 Rb8 40. Qxa6 Rxb2 41. Rd8+ Kh7 42. Qd3+ g6 43. Qf1 Qe5+ 0-1

[Event "Heraklion op 18th"]
[Site "Heraklion"]
[Date "2016.09.04"]
[Round "2"]
[White "Porta Tovar, Oriol"]
[Black "Brokalakis Gounaris, Christos"]
[Result "1-0"]
[WhiteElo "2170"]
[BlackElo "1723"]
[PlyCount "81"]
[EventDate "2016.09.03"]
[EventType "swiss"]
[EventRounds "9"]
[EventCountry "GRE"]
[SourceTitle "CBM 174 Extra"]
[Source "ChessBase"]
[SourceDate "2016.10.10"]
[SourceVersion "1"]
[SourceVersionDate "2016.10.10"]
[SourceQuality "1"]

1. e4 e5 2. Nf3 Nc6 3. Bb5 a6 4. Ba4 Nf6 5. 0-0 Be7 6. Re1 b5 7. Bb3 0-0 8. h3 Bb7 9. d3 a5 10. c3 a4 11. Bc2 d5 12. Qe2 dxe4 13. dxe4 Ba6 14. Bd3 Qb8 15. b3 Qb7 16. b4 Bd6 17. Na3 Rab8 18. Rb1 Nd8 19. c4 c6 20. c5 Bc7 21. Bb2 Re8 22. Nc2 Qa8 23. Ne3 Bc8 24. a3 Ne6 25. g3 Nd4 26. Nxd4 exd4 27. Ng4 Nxg4 28. hxg4 Be6 29. Kg2 Rbd8 30. Rh1 g6 31. Rh4 Kg7 32. Qe3 Be5 33. Qh6+ Kg8 34. Qxh7+ Kf8 35. Bc1 Bf6 36. g5 Bg7 37. Bf4 Qc8 38. Rbh1 Bc4 39. Bd6+ Rxd6 40. cxd6 f6 41. gxf6 1-0

[Event "Barcelona Sants op-A18th"]
[Site "Barcelona"]
[Date "2016.08.25"]
[Round "7"]
[White "Kvetny, Mark"]
[Black "Porta Tovar, Oriol"]
[Result "1-0"]
[WhiteElo "2379"]
[BlackElo "2170"]
[PlyCount "133"]
[EventDate "2016.08.19"]
[EventType "swiss"]
[EventRounds "10"]
[EventCountry "ESP"]
[SourceTitle "CBM 174 Extra"]
[Source "ChessBase"]
[SourceDate "2016.10.10"]
[SourceVersion "1"]
[SourceVersionDate "2016.10.10"]
[SourceQuality "1"]

1. d4 Nf6 2. c4 g6 3. Nc3 Bg7 4. e4 d6 5. Be2 0-0 6. Bg5 Nbd7 7. Qd2 a6 8. Nf3 Rb8 9. 0-0 b5 10. cxb5 axb5 11. b4 c5 12. Rab1 Bb7 13. d5 Ba6 14. Rfe1 cxb4 15. Rxb4 Qa5 16. Reb1 Rfc8 17. Nd4 Rxc3 18. Bxf6 Nxf6 19. Qxc3 Nxe4 20. Qe3 Bxd4 21. Qxd4 Nf6 22. a4 Rc8 23. axb5 Bb7 24. Ra4 Qd8 25. Bf3 Rc5 26. Rc4 Rxc4 27. Qxc4 Qb6 28. Re1 Kf8 29. h3 Nd7 30. Qh4 Nf6 31. Qh6+ Kg8 32. Rxe7 Qxb5 33. Qf4 Kg7 34. g4 h6 35. Qxd6 Bxd5 36. Bxd5 Qxd5 37. Qxd5 Nxd5 38. Re5 Nf6 39. f4 Nd7 40. Ra5 Nf8 41. Kf2 Nh7 42. Kf3 Nf6 43. Ra6 Nd7 44. Ra7 Nf6 45. Rb7 Ne8 46. Rb8 Nf6 47. Ke3 Nd5+ 48. Ke4 Nf6+ 49. Kd4 Nd7 50. Rb7 Nf6 51. Ke5 Nh7 52. Rb8 Nf6 53. Rd8 Nh7 54. Kd6 Nf6 55. Ke7 Ng8+ 56. Rxg8+ Kxg8 57. Kf6 Kf8 58. h4 Kg8 59. h5 gxh5 60. gxh5 Kf8 61. f5 Ke8 62. Kg7 Ke7 63. Kxh6 Kf6 64. Kh7 Kxf5 65. Kg7 Kg5 66. h6 f5 67. h7 1-0

[Event "Barcelona Sants op-A18th"]
[Site "Barcelona"]
[Date "2016.08.22"]
[Round "4"]
[White "Gual Pascual, Antonio"]
[Black "Porta Tovar, Oriol"]
[Result "1/2-1/2"]
[WhiteElo "2397"]
[BlackElo "2170"]
[PlyCount "137"]
[EventDate "2016.08.19"]
[EventType "swiss"]
[EventRounds "10"]
[EventCountry "ESP"]
[SourceTitle "CBM 174 Extra"]
[Source "ChessBase"]
[SourceDate "2016.10.10"]
[SourceVersion "1"]
[SourceVersionDate "2016.10.10"]
[SourceQuality "1"]

1. d4 Nf6 2. c4 e6 3. Nc3 Bb4 4. e3 0-0 5. Bd3 c5 6. Nf3 d5 7. 0-0 dxc4 8. Bxc4 cxd4 9. exd4 b6 10. Bg5 Bb7 11. Ne5 Bxc3 12. bxc3 Nbd7 13. Qe2 Qc7 14. Nxd7 Nxd7 15. Rac1 Rfe8 16. Rfe1 Qc6 17. f3 a6 18. Bd3 Qd6 19. Qd2 b5 20. Bf4 Qa3 21. Qc2 h6 22. Qb3 Qa5 23. Bb1 Bd5 24. Qc2 Nf8 25. Bd6 Ng6 26. Qd2 Qd8 27. Bg3 Nf8 28. Re5 Rc8 29. Rce1 Qd7 30. Bf4 f5 31. R5e3 Qf7 32. Be5 Nd7 33. f4 Nxe5 34. Rxe5 Red8 35. h3 Kh8 36. R1e3 Rc6 37. Kh2 Rdc8 38. a3 Qd7 39. Qe1 Qf7 40. Qg3 R8c7 41. Qe1 Rc8 42. Qd2 Qd7 43. Ba2 Bxa2 44. Qxa2 Rxc3 45. Rxc3 Rxc3 46. Rxe6 Rc4 47. Rxa6 Qxd4 48. Qb3 Qxf4+ 49. Qg3 Qxg3+ 50. Kxg3 Ra4 51. Rxa4 bxa4 52. Kf4 g6 53. Ke5 Kg7 54. Ke6 f4 55. Ke5 g5 56. Kf5 Kf7 57. h4 f3 58. gxf3 gxh4 59. Kg4 Kf6 60. Kxh4 Kf5 61. Kh5 Kf4 62. Kxh6 Kxf3 63. Kg5 Ke3 64. Kg4 Kd2 65. Kf3 Kc2 66. Ke2 Kb2 67. Kd2 Kxa3 68. Kc2 Ka2 69. Kc1 1/2-1/2

[Event "Foment Martinenc op-A 16th"]
[Site "Barcelona"]
[Date "2014.05.24"]
[Round "5"]
[White "Porta Tovar, Oriol"]
[Black "Lacasta Palacio, Joaquim"]
[Result "1/2-1/2"]
[WhiteElo "2097"]
[BlackElo "2119"]
[PlyCount "74"]
[EventDate "2014.04.26"]
[EventType "swiss"]
[EventRounds "9"]
[EventCountry "ESP"]
[SourceTitle "EXT 2015"]
[Source "ChessBase"]
[SourceDate "2014.11.20"]
[SourceVersion "1"]
[SourceVersionDate "2014.11.20"]
[SourceQuality "1"]

1. e4 c5 2. Nf3 Nc6 3. d4 cxd4 4. Nxd4 e6 5. Nc3 Qc7 6. Be3 Nf6 7. Bd3 a6 8. 0-0 Nxd4 9. Bxd4 Bc5 10. Bxc5 Qxc5 11. Qe2 d6 12. Rfe1 e5 13. Bc4 b5 14. Bd5 Ra7 15. a3 Rc7 16. h3 0-0 17. Red1 Be6 18. Bxe6 fxe6 19. Rd2 Ne8 20. Re1 Rf6 21. Nd1 Rf4 22. Qe3 Qxe3 23. Rxe3 Rc4 24. f3 Rf7 25. Red3 Rb7 26. Ne3 Rc6 27. Kf2 Kf7 28. g4 Ke7 29. Kg3 Nf6 30. Kh4 Nd7 31. Rd1 Nf8 32. Kg3 Ng6 33. R3d2 Nf4 34. h4 Rbc7 35. h5 Rb6 36. Kf2 Rc5 37. Kg3 Rbc6 1/2-1/2

[Event "Roquetas de Mar op 25th"]
[Site "Roquetas de Mar"]
[Date "2014.01.02"]
[Round "1"]
[White "Movsziszian, Karen"]
[Black "Porta Tovar, Oriol"]
[Result "1-0"]
[WhiteElo "2509"]
[BlackElo "2114"]
[PlyCount "59"]
[EventDate "2014.01.02"]
[EventType "swiss"]
[EventRounds "9"]
[EventCountry "ESP"]
[SourceTitle "CBM 158 Extra"]
[Source "ChessBase"]
[SourceDate "2014.02.28"]
[SourceVersion "1"]
[SourceVersionDate "2014.02.28"]
[SourceQuality "1"]

1. g3 Nf6 2. Bg2 e5 3. d3 d5 4. Nf3 Bd6 5. 0-0 0-0 6. c4 c6 7. Nc3 h6 8. Qc2 a6 9. e4 dxe4 10. dxe4 Bg4 11. Nh4 Qc7 12. Nf5 Bc5 13. h3 Bxf5 14. exf5 Nbd7 15. g4 a5 16. Qe2 Bd4 17. h4 Nc5 18. g5 hxg5 19. hxg5 Nfd7 20. Ne4 Nxe4 21. Bxe4 Qd6 22. Kg2 f6 23. g6 Rfe8 24. Rh1 Kf8 25. Rh7 Qb4 26. Bd2 Qc5 27. Rah1 Nb6 28. b3 Rad8 29. Rxg7 Kxg7 30. Rh7+ 1-0

[Event "Barcelona Guinardo 6th"]
[Site "Barcelona"]
[Date "2013.09.06"]
[Round "5"]
[White "Porta Tovar, Oriol"]
[Black "Fernandez Aguilar, Francisco"]
[Result "0-1"]
[WhiteElo "2255"]
[BlackElo "2118"]
[PlyCount "106"]
[EventDate "2013.09.02"]
[EventType "tourn"]
[EventRounds "9"]
[EventCountry "ESP"]
[SourceTitle "CBM 156 Extra"]
[Source "ChessBase"]
[SourceDate "2013.10.22"]
[SourceVersion "1"]
[SourceVersionDate "2013.10.22"]
[SourceQuality "1"]

1. e4 c5 2. Nf3 d6 3. d4 cxd4 4. Nxd4 Nf6 5. Nc3 g6 6. f3 Bg7 7. Be3 Nc6 8. Qd2 0-0 9. Bc4 Bd7 10. Bb3 Rb8 11. h4 Na5 12. 0-0-0 b5 13. g4 Nc4 14. Bxc4 bxc4 15. Nd5 Nxd5 16. exd5 Qb6 17. c3 Qa5 18. a3 Qxd5 19. h5 e5 20. Qh2 exd4 21. hxg6 h5 22. gxh5 Qxf3 23. Bxd4 Bxd4 24. Rxd4 Qe3+ 25. Rd2 Bf5 26. Rg1 fxg6 27. hxg6 Bh3 28. Rh1 Rf3 29. Qxd6 Rbf8 30. Qd5+ Be6 31. Rh8+ Kxh8 32. Qh5+ Kg7 33. Qh7+ Kf6 34. g7 Rf1+ 35. Kc2 Rg8 36. Qh4+ Kxg7 37. Qe7+ Rf7 38. Rg2+ Kh7 39. Rh2+ Kg6 40. Rg2+ Kh7 41. Rh2+ Kg7 42. Rg2+ Kh7 43. Rh2+ Kg6 44. Rg2+ Kh5 45. Rh2+ Kg4 46. Qh4+ Kf5 47. Rf2+ Ke5 48. Qh2+ Kd5 49. Rd2+ Kc6 50. Qd6+ Kb7 51. Rd5 Bf5+ 52. Rxf5 Qe2+ 53. Kc1 Rg1+ 0-1

[Event "Foment Martinenc op-A 15th"]
[Site "Barcelona"]
[Date "2013.05.25"]
[Round "6"]
[White "Vehi Bach, Victor Manuel"]
[Black "Porta Tovar, Oriol"]
[Result "0-1"]
[WhiteElo "2309"]
[BlackElo "2033"]
[PlyCount "112"]
[EventDate "2013.04.20"]
[EventType "swiss"]
[EventRounds "9"]
[EventCountry "ESP"]
[SourceTitle "CBM 154 Extra"]
[Source "ChessBase"]
[SourceDate "2013.06.25"]
[SourceVersion "2"]
[SourceVersionDate "2013.06.25"]
[SourceQuality "1"]

1. e4 e5 2. Nf3 Nc6 3. Nc3 Nf6 4. Bb5 d6 5. d4 Bd7 6. 0-0 exd4 7. Nxd4 Nxd4 8. Qxd4 Be7 9. Re1 0-0 10. Bf1 Re8 11. h3 Bc6 12. Bf4 Nh5 13. Bd2 Bg5 14. g3 Bxd2 15. Qxd2 Nf6 16. Bg2 Qd7 17. Re3 Rad8 18. Rae1 h6 19. Kh2 Qc8 20. b4 a6 21. f4 Qa8 22. Bf3 b5 23. Nd5 Bxd5 24. exd5 Rxe3 25. Rxe3 Re8 26. Rxe8+ Qxe8 27. Qc3 Qd7 28. Qd3 Qe8 29. Qc3 Qd7 30. Kg2 Kf8 31. Qd3 Ke8 32. c4 Kd8 33. Be2 Qe8 34. cxb5 axb5 35. Kf3 c6 36. dxc6 Qxc6+ 37. Kf2 Ne4+ 38. Ke3 Nxg3 39. Qxb5 Qe4+ 40. Kd2 Nxe2 41. Qxe2 Qxb4+ 42. Ke3 Qc5+ 43. Ke4 d5+ 44. Kf3 d4 45. Qd3 Qc6+ 46. Kf2 Qd5 47. Qb3 Qe4 48. Qb8+ Kd7 49. Qa7+ Ke6 50. Qc7 Qe3+ 51. Kg2 d3 52. Qc6+ Kf5 53. Qd5+ Kg6 54. Qf3 Qd2+ 55. Qf2 Qc2 56. Kf3 d2 0-1

[Event "Barcelona Sant Marti op-A 14th"]
[Site "Barcelona"]
[Date "2012.07.14"]
[Round "2"]
[White "Pogorelov, Ruslan"]
[Black "Porta Tovar, Oriol"]
[Result "1-0"]
[WhiteElo "2417"]
[BlackElo "1900"]
[PlyCount "113"]
[EventDate "2012.07.13"]
[EventType "swiss"]
[EventRounds "9"]
[EventCountry "ESP"]
[SourceTitle "CBM 149 Extra"]
[Source "ChessBase"]
[SourceDate "2012.08.24"]
[SourceVersion "1"]
[SourceVersionDate "2012.08.24"]
[SourceQuality "1"]

1. Nf3 Nf6 2. c4 g6 3. Nc3 Bg7 4. e4 d6 5. d4 0-0 6. Be2 e5 7. Be3 Nc6 8. d5 Ne7 9. Nd2 Ne8 10. b4 f5 11. f3 b6 12. 0-0 f4 13. Bf2 c5 14. dxc6 Nxc6 15. c5 dxc5 16. Bc4+ Kh8 17. bxc5 Nd4 18. Bd5 Ba6 19. Bxa8 Bxf1 20. Qxf1 Qxa8 21. cxb6 axb6 22. Nb3 Nc7 23. Nxd4 exd4 24. Nb5 Nxb5 25. Qxb5 Qa5 26. Qd7 Qd2 27. Re1 Qxa2 28. Bxd4 Bxd4+ 29. Qxd4+ Kg8 30. Qxb6 Ra8 31. h4 Qa7 32. Qxa7 Rxa7 33. h5 Ra5 34. hxg6 hxg6 35. Rd1 Kf7 36. Rd5 Ra8 37. g3 fxg3 38. Kg2 Kf6 39. Kxg3 Ra3 40. Kf4 Ra6 41. Rb5 Ra3 42. e5+ Kf7 43. Rb7+ Ke6 44. Rb6+ Kf7 45. Rf6+ Kg7 46. Kg5 Re3 47. Rxg6+ Kh7 48. Rh6+ Kg7 49. f4 Rg3+ 50. Kh4 Rg1 51. Ra6 Kf7 52. Kh5 Rg2 53. f5 Rg1 54. Ra7+ Kf8 55. e6 Rg2 56. f6 Kg8 57. Ra8+ 1-0

[Event "Catalunya-ch U16"]
[Site "Vila Seca"]
[Date "2012.04.02"]
[Round "5"]
[White "Pozanco Romasanta, Marc"]
[Black "Porta Tovar, Oriol"]
[Result "1-0"]
[WhiteElo "1991"]
[BlackElo "1879"]
[PlyCount "89"]
[EventDate "2012.03.31"]
[EventType "swiss"]
[EventRounds "9"]
[EventCountry "ESP"]
[SourceTitle "EXT 2015"]
[Source "ChessBase"]
[SourceDate "2014.11.20"]
[SourceVersion "1"]
[SourceVersionDate "2014.11.20"]
[SourceQuality "1"]

1. d4 Nf6 2. c4 g6 3. Nc3 Bg7 4. e4 d6 5. Be2 0-0 6. Bg5 h6 7. Bh4 c5 8. d5 Na6 9. Nf3 g5 10. Bg3 Nh5 11. Qc2 f5 12. Nd2 Nxg3 13. hxg3 Nb4 14. Qb1 e5 15. a3 Na6 16. exf5 Bxf5 17. Bd3 Bxd3 18. Qxd3 Qb6 19. Nde4 Qxb2 20. Rb1 Qxa3 21. Nxg5 e4 22. Ngxe4 Nb4 23. Qd2 Bxc3 24. Nxc3 Rae8+ 25. Kf1 Rf6 26. Rh4 Kh7 27. f3 b6 28. Kf2 Re5 29. Rbh1 Qb2 30. Rxh6+ Kg7 31. Rh7+ Kg8 32. Rh8+ Kg7 33. R1h7+ Kg6 34. Qxb2 Nd3+ 35. Kg1 Re1+ 36. Kh2 Nxb2 37. Ne4 Rxe4 38. fxe4 a5 39. Rb7 Nxc4 40. Rg8+ Kh6 41. g4 Rg6 42. Rh8+ Kg5 43. Kg3 a4 44. Rh5+ Kf6 45. Rf5# 1-0

[Event "Mollet del Valles 80 Anniv op-B"]
[Site "Mollet del Valles"]
[Date "2011.12.11"]
[Round "8.1"]
[White "Ventura Bolet, Alexandre"]
[Black "Porta Tovar, Oriol"]
[Result "1/2-1/2"]
[WhiteElo "1803"]
[BlackElo "1734"]
[PlyCount "42"]
[EventDate "2011.12.04"]
[EventType "swiss"]
[EventRounds "8"]
[EventCountry "ESP"]
[SourceTitle "EXT 2024"]
[Source "ChessBase"]
[SourceDate "2023.10.10"]
[SourceVersion "1"]
[SourceVersionDate "2023.10.10"]
[SourceQuality "1"]

1. e4 e5 2. Bc4 Nf6 3. Nc3 Nc6 4. d3 Na5 5. Nge2 Nxc4 6. dxc4 Be7 7. 0-0 0-0 8. Ng3 d6 9. Nd5 Nxd5 10. cxd5 f5 11. Nxf5 Bxf5 12. exf5 Rxf5 13. Qg4 Qc8 14. Be3 Rf7 15. Qxc8+ Rxc8 16. f4 exf4 17. Bxf4 Bf6 18. c3 Re8 19. Bg3 Re2 20. Rf2 Rfe7 21. Kf1 R2e4 1/2-1/2

[Event "Llinars del Valles op-A 5th"]
[Site "Llinars del Valles"]
[Date "2011.05.14"]
[Round "3"]
[White "Porta Tovar, Oriol"]
[Black "Cervello Tost, Ferran"]
[Result "0-1"]
[WhiteElo "1673"]
[BlackElo "1852"]
[PlyCount "50"]
[EventDate "2011.04.30"]
[EventType "swiss"]
[EventRounds "7"]
[EventCountry "ESP"]
[SourceTitle "EXT 2012"]
[Source "ChessBase"]
[SourceDate "2011.11.24"]
[SourceVersion "1"]
[SourceVersionDate "2011.11.24"]
[SourceQuality "1"]

1. e4 d6 2. d4 Nf6 3. Nc3 e5 4. Nge2 Nbd7 5. f3 Be7 6. Be3 0-0 7. Qd2 Nb6 8. Ng3 c6 9. 0-0-0 Be6 10. Nf5 Bxf5 11. exf5 exd4 12. Bxd4 Nbd5 13. Ne4 Nd7 14. c4 Nc7 15. g4 Ne5 16. Qc3 f6 17. g5 Qe8 18. gxf6 gxf6 19. f4 Nd7 20. Rg1+ Kh8 21. Nxd6 Bxd6 22. Bxf6+ Nxf6 23. Rxd6 Qe7 24. c5 Rae8 25. Bd3 Qe3+ 0-1

[Event "Cerdanyola del Valles op 28th"]
[Site "Cerdanyola del Valles"]
[Date "2010.11.13"]
[Round "7"]
[White "Bover de la Cruz, Pol"]
[Black "Porta Tovar, Oriol"]
[Result "0-1"]
[WhiteElo "1626"]
[BlackElo "1651"]
[PlyCount "136"]
[EventDate "2010.10.02"]
[EventType "swiss"]
[EventRounds "7"]
[EventCountry "ESP"]
[SourceTitle "EXT 2012"]
[Source "ChessBase"]
[SourceDate "2011.11.24"]
[SourceVersion "1"]
[SourceVersionDate "2011.11.24"]
[SourceQuality "1"]

1. e4 e5 2. Nf3 Nc6 3. Bb5 a6 4. Ba4 Nf6 5. 0-0 b5 6. Bb3 Be7 7. Re1 d6 8. c3 Na5 9. Bc2 0-0 10. d4 exd4 11. cxd4 c5 12. Nc3 Bg4 13. Be3 Nc4 14. dxc5 dxc5 15. Qxd8 Raxd8 16. b3 Nxe3 17. Rxe3 Be6 18. h3 h6 19. Ree1 c4 20. bxc4 Bxc4 21. Bb3 Rc8 22. Bxc4 Rxc4 23. Rac1 Rfc8 24. Ne2 Nxe4 25. Rxc4 Rxc4 26. Nfd4 Bc5 27. Rd1 Nc3 28. Nxc3 Rxc3 29. Nb3 Rc2 30. Nxc5 Rxc5 31. Rd2 Kf8 32. Kf1 Ke7 33. Ke1 Rc6 34. Ke2 Re6+ 35. Kf1 Rd6 36. Rc2 Kd7 37. Ke1 Rc6 38. Rd2+ Kc7 39. Kf1 a5 40. Ke1 Kb6 41. Kd1 b4 42. Rd5 Rc5 43. Rd7 Rf5 44. Rd2 a4 45. Kc2 Kb5 46. Kb2 Rc5 47. Rd7 a3+ 48. Kb1 Rf5 49. Rd2 Ka4 50. h4 Rf4 51. g3 Rf3 52. Re2 b3 53. axb3+ Kxb3 54. Ka1 Rd3 55. Re1 Kc2 56. Ka2 Rf3 57. Re2+ Kd3 58. Re1 Rxf2+ 59. Kxa3 Rf3 60. Rg1 Ke3 61. Rg2 Ke4+ 62. Kb4 Kf5 63. Kc5 Kg4 64. Re2 Kxg3 65. Re7 Kxh4 66. Re4+ Kg5 67. Rd4 h5 68. Rd5+ Rf5 0-1